50 Largest Islands in the Mediterranean - Statistics

General Stats
  • This quiz has been taken 152 times
  • The average score is 21 of 50
Answer Stats
Owned by Island % Correct
Italy Sicily
99%
France Corsica
98%
Cyprus Cyprus
98%
Italy Sardinia
97%
Greece Crete
96%
Spain Majorca
94%
Spain Ibiza
86%
Greece Rhodes
86%
Malta Malta
85%
Spain Menorca
85%
Greece Lesbos
78%
Greece Corfu
75%
Greece Naxos
59%
Greece Euboea
58%
Tunisia Djerba
56%
Croatia Krk
55%
Greece Zakynthos
54%
Greece Kos
53%
Italy Elba
51%
Greece Kefalonia
51%
Greece Chios
49%
Greece Samos
43%
Greece Andros
36%
Croatia Hvar
35%
Greece Paros
34%
Greece Thasos
30%
Croatia Cres
29%
Greece Karpathos
28%
Greece Limnos
28%
Greece Lefkada
27%
Croatia Brač
23%
Croatia Korčula
22%
Greece Ios
21%
Greece Milos
20%
Türkiye Gökçeada
19%
Greece Samothrace
19%
Croatia Pag
18%
Greece Tinos
18%
Greece Amorgos
16%
Greece Icaria
16%
Greece Kea
16%
Greece Kalymnos
15%
Greece Kythira
15%
Greece Skyros
13%
Türkiye Marmara
11%
Croatia Mljet
8%
Croatia Dugi Otok
7%
Italy Sant'Antioco
7%
Greece Kythnos
6%
Tunisia Chergui
3%
No matching quizzes found
Score Distribution
Percent of People with Each Score
Percentile by Number Answered
Your Score History
You have not taken this quiz